Haggai, Zechariah and Malachi : (Record no. 11153)

MARC details
000 -LEADER
fixed length control field 01185cam a2200337 i 4500
001 - CONTROL NUMBER
control field 17196752
003 - CONTROL NUMBER IDENTIFIER
control field OSt
005 - DATE AND TIME OF LATEST TRANSACTION
control field 20241016105734.0
008 - FIXED-LENGTH DATA ELEMENTS--GENERAL INFORMATION
fixed length control field 120306s2012 ilu b 000 0 eng
010 ## - LIBRARY OF CONGRESS CONTROL NUMBER
LC control number 2012009669
020 ## - INTERNATIONAL STANDARD BOOK NUMBER
International Standard Book Number 9780830842827 (pbk. : alk. paper)
040 ## - CATALOGING SOURCE
Original cataloging agency DLC
Language of cataloging eng
Description conventions rda
Transcribing agency DLC
042 ## - AUTHENTICATION CODE
Authentication code pcc
050 00 - LIBRARY OF CONGRESS CALL NUMBER
Classification number REF 224.907 H645H
Item number .H55 2012
082 00 - DEWEY DECIMAL CLASSIFICATION NUMBER
Classification number REF 224.907 H645H
Edition number 23
100 1# - MAIN ENTRY--PERSONAL NAME
Personal name Hill, Andrew E.
9 (RLIN) 61
245 10 - TITLE STATEMENT
Title Haggai, Zechariah and Malachi :
Remainder of title an introduction and commentary /
Statement of responsibility, etc. Andrew E. Hill.
260 ## - PUBLICATION, DISTRIBUTION, ETC.
Place of publication, distribution, etc. Downers Grove, Illinois :
Name of publisher, distributor, etc. IVP Academic,
Date of publication, distribution, etc. 2012.
300 ## - PHYSICAL DESCRIPTION
Extent 368 pages ;
Dimensions 21 cm.
336 ## - CONTENT TYPE
Content type term text
Source rdacontent
337 ## - MEDIA TYPE
Media type term unmediated
Source rdamedia
338 ## - CARRIER TYPE
Carrier type term volume
Source rdacarrier
490 0# - SERIES STATEMENT
Series statement Tyndale Old Testament commentaries ;
Volume/sequential designation volume 28
504 ## - BIBLIOGRAPHY, ETC. NOTE
Bibliography, etc. note Includes bibliographical references.
630 00 - SUBJECT ADDED ENTRY--UNIFORM TITLE
Uniform title Bible.
Name of part/section of a work Haggai
Form subdivision Commentaries.
9 (RLIN) 62
630 00 - SUBJECT ADDED ENTRY--UNIFORM TITLE
Uniform title Bible.
Name of part/section of a work Zechariah
Form subdivision Commentaries.
9 (RLIN) 63
630 00 - SUBJECT ADDED ENTRY--UNIFORM TITLE
Uniform title Bible.
Name of part/section of a work Malachi
Form subdivision Commentaries.
9 (RLIN) 64
906 ## - LOCAL DATA ELEMENT F, LDF (RLIN)
a 7
b cbc
c orignew
d 1
e ecip
f 20
g y-gencatlg
942 ## - ADDED ENTRY ELEMENTS (KOHA)
Source of classification or shelving scheme Dewey Decimal Classification
Koha item type Books
Holdings
Withdrawn status Lost status Source of classification or shelving scheme Damaged status Not for loan Collection code Home library Current library Shelving location Date acquired Total Checkouts Full call number Barcode Date last seen Price effective from Koha item type
    Dewey Decimal Classification   Not For Loan Reference Harvest Mission College Harvest Mission College Reference 16.10.2024   REF 224.907 H645H 013082 16.10.2024 16.10.2024 Reference

OPAC Designed and Maintained by HMC Library Team.
Copyright © HMC Library,Greater Noida, UP.
For any Suggestions/Query Contact library via Email:libhmc@gmail.com